| 000 | 00552nmm a2200169Ia 4500 | ||
|---|---|---|---|
| 008 | 251105s9999||||xx |||||||||||||||||und|| | ||
| 020 | _a9789580614494 | ||
| 041 | _aspa | ||
| 100 | _aNiño Mesa, Josué Gerardo | ||
| 245 | 0 |
_aFrutos prohibidos : _b La saga de Inocencio de Jesús Leal Buenahora. Novela para contar |
|
| 264 |
_a[Bogotá, Colombia] : _bOveja Negra, _c2021 |
||
| 300 | _a62 páginas | ||
| 490 | _aObras de referencia | ||
| 650 | _aLatin American narrative | ||
| 856 | _uhttps://public.digitaliapublishing.com/a/111746 | ||
| 942 | _cCF | ||
| 999 |
_c95075 _d95075 |
||